<?xml version="1.0" encoding="UTF-8"?>
<record
    xmlns:xsi="http://www.w3.org/2001/XMLSchema-instance"
    xsi:schemaLocation="http://www.loc.gov/MARC21/slim http://www.loc.gov/standards/marcxml/schema/MARC21slim.xsd"
    xmlns="http://www.loc.gov/MARC21/slim">

  <leader>01353nam a2200337 i 4500</leader>
  <controlfield tag="001">60750</controlfield>
  <controlfield tag="003">CO-BoRNBP</controlfield>
  <controlfield tag="005">20260317212933.0</controlfield>
  <controlfield tag="007">ta</controlfield>
  <controlfield tag="008">210826s2008    sp a 0 ar      s  j spa d</controlfield>
  <datafield tag="020" ind1=" " ind2=" ">
    <subfield code="a">9788493618544</subfield>
  </datafield>
  <datafield tag="040" ind1=" " ind2=" ">
    <subfield code="a">CO-BoRNBP</subfield>
    <subfield code="b">spa</subfield>
    <subfield code="e">rda</subfield>
    <subfield code="c">CO-BoRNBP</subfield>
  </datafield>
  <datafield tag="041" ind1="1" ind2=" ">
    <subfield code="a">spa</subfield>
    <subfield code="h">kor</subfield>
  </datafield>
  <datafield tag="043" ind1=" " ind2=" ">
    <subfield code="a">a-ko---</subfield>
  </datafield>
  <datafield tag="084" ind1=" " ind2=" ">
    <subfield code="a">A</subfield>
  </datafield>
  <datafield tag="100" ind1="1" ind2=" ">
    <subfield code="a">Lee, Suzy,</subfield>
    <subfield code="d">1974- ,</subfield>
    <subfield code="e">aut</subfield>
    <subfield code="e">ill</subfield>
    <subfield code="9">63757</subfield>
  </datafield>
  <datafield tag="245" ind1="1" ind2="3">
    <subfield code="a">La ola /</subfield>
    <subfield code="c">Suzy Lee.</subfield>
  </datafield>
  <datafield tag="250" ind1=" " ind2=" ">
    <subfield code="a">Primera edici&#xF3;n</subfield>
  </datafield>
  <datafield tag="264" ind1=" " ind2="1">
    <subfield code="a">C&#xE1;diz, Espa&#xF1;a :</subfield>
    <subfield code="b">Barbara Fiore Editora,</subfield>
    <subfield code="c">2008.</subfield>
  </datafield>
  <datafield tag="300" ind1=" " ind2=" ">
    <subfield code="a">34 p&#xE1;ginas :</subfield>
    <subfield code="b">ilustraciones a color ;</subfield>
    <subfield code="c">31 cm.</subfield>
  </datafield>
  <datafield tag="336" ind1=" " ind2=" ">
    <subfield code="a">texto</subfield>
    <subfield code="b">txt</subfield>
    <subfield code="2">rdacontent</subfield>
  </datafield>
  <datafield tag="337" ind1=" " ind2=" ">
    <subfield code="a">sin mediaci&#xF3;n</subfield>
    <subfield code="b">n</subfield>
    <subfield code="2">rdamedia</subfield>
  </datafield>
  <datafield tag="338" ind1=" " ind2=" ">
    <subfield code="a">volumen</subfield>
    <subfield code="b">nc</subfield>
    <subfield code="2">rdacarrier</subfield>
  </datafield>
  <datafield tag="520" ind1="1" ind2=" ">
    <subfield code="a">En este sugerente libro sin palabras Lee nos cuenta la historia de una ni&#xF1;a en un d&#xED;a de playa. La impresionante simplicidad de las ilustraciones, en tan s&#xF3;lo dos tonos de acuarela, crean una vibrante e inolvidable historia llena de alegr&#xED;a y risas. (Tomado de la fuente).</subfield>
  </datafield>
  <datafield tag="521" ind1="1" ind2=" ">
    <subfield code="a">Recomendado para un p&#xFA;blico infantil mayor de 3 a&#xF1;os.</subfield>
  </datafield>
  <datafield tag="650" ind1="1" ind2="7">
    <subfield code="a">&#xC1;lbumes infantiles coreanos</subfield>
    <subfield code="y">Siglo XXI</subfield>
    <subfield code="2">rnbp</subfield>
    <subfield code="9">69494</subfield>
  </datafield>
  <datafield tag="650" ind1="1" ind2="7">
    <subfield code="a">Literatura infantil coreana</subfield>
    <subfield code="y">Siglo XXI</subfield>
    <subfield code="2">rnbp</subfield>
    <subfield code="9">69495</subfield>
  </datafield>
  <datafield tag="650" ind1="1" ind2="7">
    <subfield code="a">Imaginaci&#xF3;n en la literatura</subfield>
    <subfield code="2">rnbp</subfield>
    <subfield code="9">890</subfield>
  </datafield>
  <datafield tag="650" ind1="1" ind2="7">
    <subfield code="a">Oc&#xE9;ano en la literatura</subfield>
    <subfield code="2">rnbp</subfield>
    <subfield code="9">69496</subfield>
  </datafield>
  <datafield tag="942" ind1=" " ind2=" ">
    <subfield code="2">loc</subfield>
    <subfield code="c">BKLITI</subfield>
    <subfield code="n">0</subfield>
  </datafield>
  <datafield tag="999" ind1=" " ind2=" ">
    <subfield code="c">60750</subfield>
    <subfield code="d">60750</subfield>
  </datafield>
  <datafield tag="952" ind1=" " ind2=" ">
    <subfield code="0">0</subfield>
    <subfield code="1">0</subfield>
    <subfield code="2">ddc</subfield>
    <subfield code="4">0</subfield>
    <subfield code="7">0</subfield>
    <subfield code="a">MECASARI</subfield>
    <subfield code="b">MECASARI</subfield>
    <subfield code="d">2026-03-17</subfield>
    <subfield code="l">0</subfield>
    <subfield code="o">A</subfield>
    <subfield code="p">MDA100149</subfield>
    <subfield code="r">2026-03-17 21:29:50</subfield>
    <subfield code="t">Ej.1</subfield>
    <subfield code="w">2026-03-17</subfield>
    <subfield code="y">BKLITI</subfield>
  </datafield>
</record>
